000 00344nam a2200121Ia 4500
008 231129s9999||||xx |||||||||||||| ||spa||
020 _a958-9393-54-3
082 _aR 747.88 M798j
100 _aMontoya Juan
245 0 _aJuan Montoya
264 _aBogotá Colombia : Villegas editores
942 _2ddc
_cBKS
999 _c16189
_d16189